Detalles MARC
| 000 -LEADER |
| fixed length control field |
01458nam a2200265 a 4500 |
| 001 - CONTROL NUMBER |
| control field |
|
| 003 - CONTROL NUMBER IDENTIFIER |
| control field |
DO-SdBNP |
| 005 - DATE AND TIME OF LATEST TRANSACTION |
| control field |
20220204064521.0 |
| 008 - FIXED-LENGTH DATA ELEMENTS--GENERAL INFORMATION |
| fixed length control field |
081218s 2007 dr 000 0 spa d |
| 020 ## - INTERNATIONAL STANDARD BOOK NUMBER |
| International Standard Book Number |
9789945410211 |
| 040 ## - CATALOGING SOURCE |
| Original cataloging agency |
DO-SdBNP |
| Language of cataloging |
spa |
| Transcribing agency |
BPMSU |
| 082 ## - DEWEY DECIMAL CLASSIFICATION NUMBER |
| Classification number |
972.93053 |
| Item number |
A451u, 2007 |
| Edition number |
22 |
| 100 1# - MAIN ENTRY--PERSONAL NAME |
| Personal name |
Almoina, José, |
| Dates associated with a name |
1903-1960 |
| 245 10 - TITLE STATEMENT |
| Title |
Una satrapía en el Caribe / |
| Statement of responsibility, etc. |
José Almoina. |
| 260 ## - PUBLICATION, DISTRIBUTION, ETC. (IMPRINT) |
| Name of publisher, distributor, etc. |
Letra Gráfica, |
| Place of publication, distribution, etc. |
Santo Domingo : |
| Date of publication, distribution, etc. |
2007. |
| 300 ## - PHYSICAL DESCRIPTION |
| Extent |
285 p. ; |
| Dimensions |
18 cm. |
| 500 ## - GENERAL NOTE |
| General note |
Incluye ídice |
| 505 0# - FORMATTED CONTENTS NOTE |
| Title |
Presentación a la edición dominicana -- |
| -- |
Aclaración importante -- |
| -- |
Dedicatoria -- |
| -- |
Advertencia indispensable -- |
| -- |
La familia de Trujillo -- |
| -- |
La familia de Chapita -- |
| -- |
Los que rodean al sátrapa: alcahuetes, bufones, lacayos y aduladores -- |
| -- |
Tretas de que se valió el megalomaníaco Trujillo para captar el poder -- |
| -- |
¿Cómo se sostiene el sátrapa? -- |
| -- |
La ferocidad más que neroniana del mulato Chapita -- |
| -- |
Inexistencia de los poderes legislativo y judicial y trasiegos burocráticos -- |
| -- |
Un régimen monopolista -- |
| -- |
La política internacional del tirano -- |
| -- |
Documentos y noticias corroborantes -- |
| -- |
Índice onomástico. |
| 590 ## - LOCAL NOTE (RLIN) |
| Local note |
Inventariado, 2022/VM |
| 600 10 - SUBJECT ADDED ENTRY--PERSONAL NAME |
| Source of heading or term |
Trujillo Molina, Rafael Leónidas, |
| Dates associated with a name |
1891-1961 |
| 651 #4 - SUBJECT ADDED ENTRY--GEOGRAPHIC NAME |
| Geographic name |
República Dominicana |
| General subdivision |
Historia |
| Chronological subdivision |
Era de Trujillo, 1930-1961 |
| 651 #4 - SUBJECT ADDED ENTRY--GEOGRAPHIC NAME |
| Geographic name |
República Dominicana |
| General subdivision |
Política y gobierno |
| Chronological subdivision |
Era de Trujillo, 1930-1961 |
| 910 ## - USER-OPTION DATA (OCLC) |
| User-option data |
VMateo V. |
| 942 ## - ADDED ENTRY ELEMENTS (KOHA) |
| Source of classification or shelving scheme |
Dewey Decimal Classification |
| Koha item type |
Libros |